Pozycja Topical Term
Liczba rekordów, w których użyto hasła: 1
001 - Numer kontrolny
- control field: 39989
003 - Identyfikator numeru kontrolnego
- control field: NUKAT
005 - Data i czas ostatniej modyfikacji
- control field: 20260414121314.0
008 - Dane kontrolne kodowane (40 znaków)
- fixed length control field: 170210n||azznnbabn |a ana |
010 ## - Numer kontrolny Biblioteki Kongresu
- numer kontrolny LC: p 2017025626
035 ## - Numer systemowy
- numer systemowy: a35946210
035 ## - Numer systemowy
- numer systemowy: (PL)a0000003594621
040 ## - Instytucja sporządzająca rekord
- inst. przygot. dane do rek. khw: WA N
- język haseł przedmiotowych/tezaurus: DBN
- inst. wprow. rek. khw: WA N
072 ## - Kod kategorii przedmiotu
- kod kategorii przedmiotu: 5
150 ## - Hasło - nazwa pospolita
- nazwa posp. lub nazwa geogr. na pocz.: Zbiory prywatne
450 ## - Trop zob. - nazwa pospolita
- nazwa posp. lub nazwa geogr. na pocz.: Kolekcja prywatna
450 ## - Trop zob. - nazwa pospolita
- nazwa posp. lub nazwa geogr. na pocz.: Kolekcje prywatne
550 ## - Trop zob. też - nazwa pospolita
- podpole kontrolne: g
- nazwa posp. lub nazwa geogr. na pocz.: Zbiory
550 ## - Trop zob. też - nazwa pospolita
- nazwa posp. lub nazwa geogr. na pocz.: Archeologia archiwalna
550 ## - Trop zob. też - nazwa pospolita
- nazwa posp. lub nazwa geogr. na pocz.: Kolekcjonerzy
550 ## - Trop zob. też - nazwa pospolita
- nazwa posp. lub nazwa geogr. na pocz.: Korporacyjna kolekcja dzieł sztuki
550 ## - Trop zob. też - nazwa pospolita
- nazwa posp. lub nazwa geogr. na pocz.: Muzea prywatne
550 ## - Trop zob. też - nazwa pospolita
- nazwa posp. lub nazwa geogr. na pocz.: Udostępnianie zbiorów
550 ## - Trop zob. też - nazwa pospolita
- podpole kontrolne: h
- nazwa posp. lub nazwa geogr. na pocz.: Folta Collection
550 ## - Trop zob. też - nazwa pospolita
- podpole kontrolne: h
- nazwa posp. lub nazwa geogr. na pocz.: Kolekcja Heleny Hochman i Tadeusza Mysłowskiego
550 ## - Trop zob. też - nazwa pospolita
- podpole kontrolne: h
- nazwa posp. lub nazwa geogr. na pocz.: Kolekcja Jana i Jadwigi Nowak-Jeziorańskich
550 ## - Trop zob. też - nazwa pospolita
- podpole kontrolne: h
- nazwa posp. lub nazwa geogr. na pocz.: Kolekcja Książąt Lubomirskich
550 ## - Trop zob. też - nazwa pospolita
- podpole kontrolne: h
- nazwa posp. lub nazwa geogr. na pocz.: Kolekcja Lanckorońskich
550 ## - Trop zob. też - nazwa pospolita
- podpole kontrolne: h
- nazwa posp. lub nazwa geogr. na pocz.: Kolekcja Ponętowskiego
550 ## - Trop zob. też - nazwa pospolita
- podpole kontrolne: h
- nazwa posp. lub nazwa geogr. na pocz.: Kolekcja Pusłowskich
550 ## - Trop zob. też - nazwa pospolita
- podpole kontrolne: h
- nazwa posp. lub nazwa geogr. na pocz.: Kolekcja Simulart
550 ## - Trop zob. też - nazwa pospolita
- podpole kontrolne: h
- nazwa posp. lub nazwa geogr. na pocz.: Kolekcja Varnhagena
555 ## - Trop zob. też - nazwa rodz. lub formalna
- nazwa rodzajowa/formalna: Katalog zbiorów